| 000 | 00534nam a2200181Ia 4500 | ||
|---|---|---|---|
| 001 | 2519 | ||
| 005 | 20260306144813.0 | ||
| 008 | 260306t2017||||xx |||||||||||||| ||spa|| | ||
| 041 | _aESP | ||
| 082 |
_a616.8914 _bG46 |
||
| 100 |
_aGimeno-Bayón, Ana _eAUT |
||
| 245 | 0 |
_aManual práctico de psicoterapia integradora humanista: _btratamiento de 69 problemas en los procesos de valoración, decisión y práxicos |
|
| 260 | _c2017 | ||
| 300 |
_a417 páginas : _c21 cm. |
||
| 650 | _aGEN | ||
| 654 | _aCPS | ||
| 942 |
_cLIB _dJUS _fJUS _2ddc _n |
||
| 999 |
_c2519 _d2519 |
||